000 00703nam a2200217Ia 4500
003 GCL
005 20240530104047.0
008 140319s9999 xx 000 0 ara d
020 _a9772151650
040 _aGCL /
_cGCL
082 0 4 _a658.562
_bع ا
100 1 _aعلى السلمى
245 1 0 _aادارة الجودة الشاملة ومتطلبات التاهل للايزو 9000 /
_cعلى السلمى
300 _a179 ص ؛
_c24 سم
490 _aمكتبة الادارة الجديدة
_v0
650 0 4 _aالمواصفات القياسية
650 0 4 _aالايزو 9000
650 0 4 _aادارة الجودة
650 0 4 _aادارة الجودة الشاملة
942 _2ddc
_cBK
999 _c44348
_d44348